[Event "Florianopolis op 9th"]
[Site "Florianopolis"]
[Date "2023.01.24"]
[Round "3"]
[White "Bastos, Guilherme Exterhott"]
[Black "Labussiere, Victor"]
[Result "0-1"]
[WhiteElo "1902"]
[BlackElo "2315"]
[PlyCount "86"]
[EventDate "2023.01.23"]
[EventType "swiss"]
[EventRounds "10"]
[EventCountry "BRA"]
[SourceTitle "CBM 212 Extra"]
[Source "ChessBase"]
[SourceDate "2023.03.31"]
[SourceVersion "1"]
[SourceVersionDate "2023.03.31"]
[SourceQuality "1"]

1. d4 Nf6 2. Bf4 d5 3. e3 c5 4. c3 Nc6 5. Nd2 Bf5 6. Ngf3 e6 7. Qb3 Qc8 8. h3 h6 9. Be2 Be7 10. 0-0 c4 11. Qd1 b5 12. a3 0-0 13. Ne5 a6 14. Re1 Qb7 15. Nxc6 Qxc6 16. Qc1 a5 17. Bd1 Rfd8 18. Bc2 b4 19. Qb1 Bxc2 20. Qxc2 bxc3 21. bxc3 a4 22. Reb1 Rd7 23. Qa2 Rb7 24. Rxb7 Qxb7 25. Rb1 Qc8 26. Rb5 Qf8 27. Nb1 Ne4 28. Qb2 Nd6 29. Rb6 h5 30. Bh2 h4 31. f3 Nf5 32. e4 Ng3 33. Kf2 dxe4 34. Bxg3 e3+ 35. Kxe3 hxg3 36. Qb5 Bxa3 37. Qxc4 Bc1+ 38. Kd3 Qd8 39. Ra6 Rb8 40. Qxa4 Qg5 41. Qc2 Rb2 42. Ra8+ Kh7 43. Qa4 Rxb1 0-1

[Event "Florianopolis op 6th"]
[Site "Florianopolis"]
[Date "2020.01.21"]
[Round "2"]
[White "Bastos, Guilherme Exterhott"]
[Black "Wilberger, Marcelo"]
[Result "1/2-1/2"]
[WhiteElo "1937"]
[BlackElo "1673"]
[PlyCount "36"]
[EventDate "2020.01.20"]
[EventType "swiss"]
[EventRounds "10"]
[EventCountry "BRA"]
[SourceTitle "CBM 194 Extra"]
[Source "ChessBase"]
[SourceDate "2020.03.31"]
[SourceVersion "1"]
[SourceVersionDate "2020.03.31"]
[SourceQuality "1"]

1. d4 Nf6 2. Bf4 g6 3. Nd2 d5 4. e3 Bg7 5. h3 c5 6. Ngf3 0-0 7. Be2 Nc6 8. c3 Qb6 9. Qb3 c4 10. Qxb6 axb6 11. 0-0 b5 12. a3 Bf5 13. Rfe1 Ra6 14. Rec1 h6 15. Bd1 g5 16. Bg3 Ne4 17. Nxe4 Bxe4 18. Bc2 f5 1/2-1/2

[Event "Florianopolis op 5th"]
[Site "Florianopolis"]
[Date "2019.01.22"]
[Round "2"]
[White "Bastos, Guilherme Exterhott"]
[Black "Languidey, Simon Alejandro"]
[Result "0-1"]
[WhiteElo "1956"]
[BlackElo "2416"]
[PlyCount "94"]
[EventDate "2019.01.21"]
[EventType "swiss"]
[EventRounds "10"]
[EventCountry "BRA"]
[SourceTitle "CBM 188 Extra"]
[Source "ChessBase"]
[SourceDate "2019.02.26"]
[SourceVersion "1"]
[SourceVersionDate "2019.02.26"]
[SourceQuality "1"]

1. d4 Nf6 2. Bf4 d6 3. e3 g6 4. h3 Bg7 5. Nf3 0-0 6. c3 b6 7. Nbd2 Bb7 8. Be2 c5 9. 0-0 Nbd7 10. Re1 Re8 11. Bh2 a6 12. a4 Ra7 13. Qb3 Qa8 14. Ng5 Rf8 15. Ngf3 Ne4 16. Red1 h6 17. Ne1 Kh7 18. Nxe4 Bxe4 19. Bf3 Rc7 20. Bxe4 Qxe4 21. Qc4 Qb7 22. Qe2 Nf6 23. Nd3 Re8 24. Qf3 Qxf3 25. gxf3 Nd7 26. Rdc1 Rec8 27. Kf1 Rb7 28. b4 e5 29. Rab1 c4 30. Ne1 b5 31. a5 f5 32. Ng2 g5 33. f4 gxf4 34. Nh4 fxe3 35. fxe3 Rf8 36. Ke2 Nf6 37. Rf1 Ne4 38. Rbc1 Rbf7 39. Kd1 f4 40. exf4 exd4 41. cxd4 Bxd4 42. f5 Be3 43. Rc2 d5 44. Bg1 Bxg1 45. Rxg1 d4 46. Ng6 Re8 47. Rcg2 Rxf5 0-1

[Event "Florianopolis op 4th"]
[Site "Florianopolis"]
[Date "2018.01.25"]
[Round "10"]
[White "Bastos, Guilherme Exterhott"]
[Black "Alboredo, Julia"]
[Result "1/2-1/2"]
[WhiteElo "1971"]
[BlackElo "2138"]
[PlyCount "118"]
[EventDate "2018.01.19"]
[EventType "swiss"]
[EventRounds "10"]
[EventCountry "BRA"]
[SourceTitle "EXT 2019"]
[Source "ChessBase"]
[SourceDate "2018.10.10"]
[SourceVersion "1"]
[SourceVersionDate "2018.10.10"]
[SourceQuality "1"]

1. d4 Nf6 2. Bg5 d5 3. e3 c5 4. c3 Nc6 5. Nf3 Bg4 6. Bb5 Qb6 7. Qa4 Bxf3 8. gxf3 a6 9. Bxc6+ bxc6 10. dxc5 Qxc5 11. Bxf6 gxf6 12. Nd2 Qb6 13. 0-0-0 Rb8 14. Nb3 e6 15. Qa5 Bd6 16. Qxb6 Rxb6 17. c4 Rb4 18. cxd5 cxd5 19. f4 f5 20. Rhg1 Be7 21. Rd2 Bf6 22. Nc5 Ke7 23. Nd3 Rc8+ 24. Rc2 Rbc4 25. Rxc4 dxc4 26. Ne5 Rc5 27. Rg8 Bxe5 28. fxe5 Rxe5 29. Rh8 Ra5 30. Kb1 f4 31. Rxh7 fxe3 32. fxe3 Re5 33. Rh4 Rxe3 34. Rxc4 Rh3 35. Rc7+ Kf6 36. Rc6 a5 37. Rc5 Rxh2 38. Rxa5 e5 39. b4 e4 40. Ra3 Ke5 41. b5 f5 42. b6 Rh8 43. b7 Rb8 44. Rb3 Kd6 45. Rb5 Kc6 46. Rxf5 Rxb7+ 47. Kc2 Ra7 48. Kb3 Kd6 49. a4 Ke6 50. Rf1 Ke5 51. Kb4 e3 52. Kb5 Kd4 53. Re1 Kd3 54. a5 Kd2 55. Rh1 e2 56. Rh2 Kd1 57. Rxe2 Kxe2 58. Kb6 Ra8 59. a6 Rxa6+ 1/2-1/2

[Event "Florianopolis op 4th"]
[Site "Florianopolis"]
[Date "2018.01.22"]
[Round "6"]
[White "Bastos, Guilherme Exterhott"]
[Black "Duarte, Atila Phoebus Santo"]
[Result "1-0"]
[WhiteElo "1971"]
[BlackElo "1529"]
[PlyCount "98"]
[EventDate "2018.01.19"]
[EventType "swiss"]
[EventRounds "10"]
[EventCountry "BRA"]
[SourceTitle "EXT 2019"]
[Source "ChessBase"]
[SourceDate "2018.10.10"]
[SourceVersion "1"]
[SourceVersionDate "2018.10.10"]
[SourceQuality "1"]

1. d4 g6 2. Nf3 Bg7 3. Bf4 Nf6 4. c3 0-0 5. Nbd2 d5 6. h3 Bf5 7. e3 Nbd7 8. Be2 c5 9. 0-0 cxd4 10. Nxd4 Be6 11. Nxe6 fxe6 12. Bh2 Nc5 13. Nf3 Nfe4 14. Qc2 Rc8 15. Rad1 Qb6 16. Ne5 a5 17. Qb1 Bh6 18. Bf3 Nxf2 19. Rxf2 Bxe3 20. Ng4 Bxf2+ 21. Nxf2 Ne4 22. Qc2 Nxf2 23. Qxf2 Qxf2+ 24. Kxf2 Rf5 25. Re1 Rc6 26. Ke3 Rb6 27. Re2 Rc6 28. Kd3 Kf7 29. Re3 Ke8 30. Bd1 b5 31. Bf3 Kd7 32. a3 a4 33. g4 Rf7 34. Bg3 g5 35. Be2 h6 36. Kd4 Rb6 37. Kc5 Rc6+ 38. Kb4 Kc8 39. Bxb5 Rb6 40. Kxa4 Kb7 41. b4 Rf8 42. Bd7 Ra8+ 43. Kb3 Rba6 44. a4 Rf8 45. Bxe6 Rd8 46. Bf5 Rda8 47. Rxe7+ Kc6 48. Rc7+ Kb6 49. a5+ Kb5 1-0

[Event "Florianopolis op 3rd"]
[Site "Florianopolis"]
[Date "2017.01.26"]
[Round "10"]
[White "Bastos, Guilherme Exterhott"]
[Black "Bruce, Shannon Hill"]
[Result "1-0"]
[WhiteElo "1960"]
[BlackElo "2152"]
[PlyCount "107"]
[EventDate "2017.01.20"]
[EventType "swiss"]
[EventRounds "10"]
[EventCountry "BRA"]
[SourceTitle "CBM 176 Extra"]
[Source "ChessBase"]
[SourceDate "2017.03.02"]
[SourceVersion "1"]
[SourceVersionDate "2017.03.02"]
[SourceQuality "1"]

1. d4 Nf6 2. Bg5 e6 3. e4 h6 4. Bxf6 Qxf6 5. Nf3 Nc6 6. c3 d6 7. Nbd2 Bd7 8. Qc2 g5 9. h3 0-0-0 10. 0-0-0 h5 11. Nc4 g4 12. hxg4 hxg4 13. Rxh8 Qxh8 14. Ne1 Qh5 15. Nd3 Bh6+ 16. Kb1 Na5 17. Nxa5 Qxa5 18. Be2 f5 19. Rh1 Bg5 20. e5 Ba4 21. b3 Bc6 22. Rh5 Rg8 23. f4 Be7 24. Rh7 Bf8 25. g3 Be4 26. Qd2 c5 27. Kc1 dxe5 28. dxe5 Bg7 29. c4 Qc7 30. Qe3 b6 31. Nb2 Qf7 32. Na4 Qg6 33. Rh2 Rd8 34. Nc3 Bc6 35. Nb5 Kb8 36. Bf1 a6 37. Nc3 Qf7 38. Rd2 Rh8 39. Bg2 Bxg2 40. Rxg2 Qb7 41. Rd2 Qh1+ 42. Kb2 Rh2 43. Qd3 Rxd2+ 44. Qxd2 Ka7 45. Qd7+ Qb7 46. Qxe6 Qg2+ 47. Ka3 Qd2 48. Qe7+ Ka8 49. Qe8+ Kb7 50. Nd5 Qc1+ 51. Ka4 b5+ 52. cxb5 axb5+ 53. Qxb5+ Kc8 54. Qc6+ 1-0

[Event "Florianopolis op 3rd"]
[Site "Florianopolis"]
[Date "2017.01.25"]
[Round "8"]
[White "Lemos, Paulo Renato Bueno"]
[Black "Bastos, Guilherme Exterhott"]
[Result "0-1"]
[WhiteElo "1823"]
[BlackElo "1960"]
[PlyCount "92"]
[EventDate "2017.01.20"]
[EventType "swiss"]
[EventRounds "10"]
[EventCountry "BRA"]
[SourceTitle "CBM 176 Extra"]
[Source "ChessBase"]
[SourceDate "2017.03.02"]
[SourceVersion "1"]
[SourceVersionDate "2017.03.02"]
[SourceQuality "1"]

1. e4 Nf6 2. e5 Nd5 3. c4 Nb6 4. c5 Nd5 5. Nc3 e6 6. d4 b6 7. Nxd5 exd5 8. Qg4 d6 9. Bb5+ c6 10. Qe2 cxb5 11. exd6+ Be6 12. Qxb5+ Qd7 13. Qxd7+ Nxd7 14. Be3 bxc5 15. dxc5 Ne5 16. Bd4 Nc6 17. Ne2 Rb8 18. Kd2 Kd7 19. Kc3 Nxd4 20. Kxd4 g6 21. Nc3 Rxb2 22. Ke3 d4+ 23. Kxd4 Bg7+ 24. Kd3 Bf5+ 25. Kc4 Rc2 26. Rac1 Be6+ 27. Kd3 Rxc3+ 28. Rxc3 Bxc3 29. Kxc3 Rb8 30. Rc1 Kc6 31. Kd3 Rb5 32. Kd4 Rb4+ 33. Ke5 Rc4 34. Rxc4 Bxc4 35. Kf6 Bxa2 36. Ke7 Be6 37. g4 a5 38. h3 a4 39. f4 a3 40. f5 gxf5 41. gxf5 Bxf5 42. Kxf7 a2 43. h4 a1Q 44. d7 Qa2+ 45. Ke7 Qe6+ 46. Kf8 Qf6+ 0-1

[Event "Florianopolis op 2nd"]
[Site "Florianopolis"]
[Date "2016.01.18"]
[Round "4"]
[White "Bastos, Guilherme Exterhott"]
[Black "Mekhitarian, Krikor Sevag"]
[Result "0-1"]
[WhiteElo "1968"]
[BlackElo "2555"]
[PlyCount "72"]
[EventDate "2016.01.16"]
[EventType "swiss"]
[EventRounds "10"]
[EventCountry "BRA"]
[SourceTitle "CBM 170 Extra"]
[Source "ChessBase"]
[SourceDate "2016.02.25"]
[SourceVersion "1"]
[SourceVersionDate "2016.02.25"]
[SourceQuality "1"]

1. d4 Nf6 2. Bf4 g6 3. Nf3 Bg7 4. c3 0-0 5. h3 d6 6. Nbd2 Nfd7 7. Bh2 e5 8. dxe5 dxe5 9. e4 Qe7 10. Bc4 a5 11. a3 a4 12. 0-0 Nc5 13. Qc2 c6 14. Rfd1 Kh8 15. Bd3 Nbd7 16. Nc4 Nxd3 17. Qxd3 f6 18. Qe3 Qc5 19. Qxc5 Nxc5 20. Nb6 Rb8 21. Nxc8 Rbxc8 22. Nd2 Bh6 23. Nc4 Rcd8 24. f3 Nb3 25. Rxd8 Rxd8 26. Re1 b5 27. Ne3 Rd2 28. Ng4 Bg7 29. Rb1 h5 30. Nf2 Bf8 31. f4 Bc5 32. Rf1 Rxf2 33. Rxf2 Nd2 34. Bg3 Nxe4 35. Bh4 exf4 36. Kf1 Bxf2 0-1

[Event "Catarinense-ch"]
[Site "Jaragua do Sul"]
[Date "2015.03.??"]
[Round "1"]
[White "Matsuura, Everaldo"]
[Black "Bastos, Guilherme Exterhott"]
[Result "1-0"]
[WhiteElo "2496"]
[BlackElo "1968"]
[PlyCount "49"]
[EventDate "2015.03.27"]
[EventType "swiss"]
[EventRounds "6"]
[EventCountry "BRA"]
[SourceTitle "EXT 2022"]
[Source "ChessBase"]
[SourceDate "2021.10.06"]
[SourceVersion "1"]
[SourceVersionDate "2021.10.06"]
[SourceQuality "1"]

1. e4 Nf6 2. e5 Nd5 3. d4 d6 4. Nf3 Nb6 5. exd6 exd6 6. Bd3 Bg4 7. 0-0 Be7 8. c3 Nc6 9. Nbd2 d5 10. b4 a6 11. a4 0-0 12. Qc2 g6 13. h3 Be6 14. Re1 Bf6 15. Nb3 Nd7 16. Ba3 Re8 17. Re2 Bg7 18. Rae1 Ne7 19. Ng5 Nf8 20. Nc5 Bc8 21. b5 h6 22. bxa6 bxa6 23. Nf3 Bf6 24. Ne5 Nd7 25. Nc6 1-0

[Event "Sao Paulo op-B U2050"]
[Site "Sao Paulo"]
[Date "2014.04.06"]
[Round "6"]
[White "Bastos, Guilherme Exterhott"]
[Black "Lopes, Artur Farias"]
[Result "1-0"]
[WhiteElo "1972"]
[BlackElo "1874"]
[PlyCount "77"]
[EventDate "2014.04.03"]
[EventType "swiss"]
[EventRounds "6"]
[EventCountry "BRA"]
[SourceTitle "CBM 159 Extra"]
[Source "ChessBase"]
[SourceDate "2014.04.24"]
[SourceVersion "1"]
[SourceVersionDate "2014.04.24"]
[SourceQuality "1"]

1. d4 d5 2. Bf4 Bf5 3. c4 c6 4. cxd5 cxd5 5. Qb3 Qd7 6. e4 Bxe4 7. Bxb8 a6 8. Bg3 Nf6 9. f3 Bf5 10. Bd3 Rc8 11. Bxf5 Qxf5 12. Nc3 g5 13. Be5 g4 14. Bxf6 exf6 15. Qxd5 Qc2 16. Qe4+ Qxe4+ 17. fxe4 Bb4 18. Nge2 0-0 19. 0-0 Kg7 20. a3 Ba5 21. b4 Bb6 22. Nd5 Ba7 23. Rac1 Rfe8 24. Nxf6 Red8 25. Nd5 Re8 26. Rxc8 Rxc8 27. Ndc3 Rxc3 28. Nxc3 Bxd4+ 29. Rf2 Bxc3 30. Rc2 Bd4+ 31. Kf1 Kf6 32. a4 b6 33. a5 Ke5 34. Rc6 bxa5 35. bxa5 Kxe4 36. Rxa6 Bc3 37. Ra7 Bb4 38. a6 Bc5 39. Rxf7 1-0

[Event "Sao Bento do Sul op 2nd"]
[Site "Sao Bento do Sul"]
[Date "2014.02.22"]
[Round "4"]
[White "Hille, Waltercler Jr"]
[Black "Bastos, Guilherme Exterhott"]
[Result "0-1"]
[WhiteElo "1703"]
[BlackElo "1958"]
[PlyCount "68"]
[EventDate "2014.02.21"]
[EventType "swiss"]
[EventRounds "6"]
[EventCountry "BRA"]
[SourceTitle "CBM 159 Extra"]
[Source "ChessBase"]
[SourceDate "2014.04.24"]
[SourceVersion "1"]
[SourceVersionDate "2014.04.24"]
[SourceQuality "1"]

1. Nf3 d5 2. d4 Bf5 3. c4 e6 4. Nc3 Nc6 5. Bf4 Nf6 6. cxd5 Nxd5 7. Nxd5 Qxd5 8. a3 0-0-0 9. Rc1 f6 10. e3 e5 11. Bg3 Qa5+ 12. Qd2 Qxd2+ 13. Kxd2 Bd6 14. d5 Bf8 15. Kc3 Rxd5 16. Bc4 Rd6 17. b4 Be7 18. Rhe1 Rhd8 19. e4 Be6 20. Bxe6+ Rxe6 21. Re3 a5 22. b5 Nd4 23. a4 Nxf3 24. Rxf3 Rd4 25. Kb2 Bc5 26. Kb3 Red6 27. Rc2 Rxe4 28. h3 Rdd4 29. Bh2 Bd6 30. Kb2 Rxa4 31. Rfc3 Reb4+ 32. Kc1 Rd4 33. Bg3 Ba3+ 34. Rxa3 Rxa3 0-1

[Event "Sao Bento do Sul op 2nd"]
[Site "Sao Bento do Sul"]
[Date "2014.02.21"]
[Round "1"]
[White "Bastos, Guilherme Exterhott"]
[Black "Lobermayer, Guilherme"]
[Result "1-0"]
[WhiteElo "1958"]
[BlackElo "1772"]
[PlyCount "55"]
[EventDate "2014.02.21"]
[EventType "swiss"]
[EventRounds "6"]
[EventCountry "BRA"]
[SourceTitle "CBM 159 Extra"]
[Source "ChessBase"]
[SourceDate "2014.04.24"]
[SourceVersion "1"]
[SourceVersionDate "2014.04.24"]
[SourceQuality "1"]

1. d4 d5 2. Bf4 Nf6 3. e3 g6 4. Nf3 Bg7 5. Nbd2 0-0 6. Bd3 Re8 7. h3 a6 8. a4 Nc6 9. c3 Nd7 10. 0-0 e5 11. dxe5 Ndxe5 12. Be2 h6 13. Nxe5 Nxe5 14. Nf3 Nxf3+ 15. Bxf3 c6 16. Qb3 Qe7 17. Qa3 Qxa3 18. Rxa3 Bf5 19. g4 Be4 20. Be2 b5 21. Bg3 Bc2 22. Rc1 Bxa4 23. Bd6 b4 24. Rxa4 bxc3 25. bxc3 Rac8 26. Rxa6 c5 27. Bb5 Red8 28. Be7 1-0

[Event "Catarinense-ch 59th"]
[Site "Joinville"]
[Date "2013.09.22"]
[Round "7"]
[White "Dornelles, Marcio Neron Camarg"]
[Black "Bastos, Guilherme Exterhott"]
[Result "0-1"]
[WhiteElo "1864"]
[BlackElo "1952"]
[PlyCount "90"]
[EventDate "2013.09.19"]
[EventType "swiss"]
[EventRounds "7"]
[EventCountry "BRA"]
[SourceTitle "CBM 156 Extra"]
[Source "ChessBase"]
[SourceDate "2013.10.22"]
[SourceVersion "1"]
[SourceVersionDate "2013.10.22"]
[SourceQuality "1"]

1. d4 d5 2. Nf3 Bf5 3. c4 e6 4. Nc3 Nc6 5. Bf4 Nf6 6. e3 Be7 7. cxd5 exd5 8. Bb5 0-0 9. 0-0 Nh5 10. Bg3 Nxg3 11. hxg3 Na5 12. Ne5 f6 13. Nf3 Nc4 14. b3 Nd6 15. Bd3 Be6 16. Qc2 f5 17. Ne5 c6 18. Ne2 g6 19. Nf4 Bc8 20. b4 Qe8 21. a4 g5 22. Ne2 Rf6 23. f3 Nf7 24. Nxf7 Qxf7 25. b5 Bd7 26. Rab1 Re8 27. bxc6 bxc6 28. Rb7 Bd6 29. Qd2 Qe6 30. Kf2 a5 31. Bc2 Rh6 32. Qd3 c5 33. dxc5 Bxc5 34. Nd4 Bxd4 35. Qxd4 Qc6 36. Rb2 f4 37. gxf4 gxf4 38. Qxf4 Rf6 39. Qg5+ Kh8 40. Rd1 Qc3 41. Rdb1 h6 42. Rh1 Qxb2 43. Rxh6+ Rxh6 44. Qxh6+ Kg8 45. Qh7+ Kf8 0-1

[Event "Maringa op 3rd"]
[Site "Maringa"]
[Date "2013.07.25"]
[Round "2"]
[White "Quintiliano Pinto, Renato Rodrigues"]
[Black "Bastos, Guilherme Exterhott"]
[Result "1-0"]
[WhiteElo "2308"]
[BlackElo "1933"]
[PlyCount "47"]
[EventDate "2013.07.24"]
[EventType "swiss"]
[EventRounds "8"]
[EventCountry "BRA"]
[SourceTitle "CBM 155 Extra"]
[Source "ChessBase"]
[SourceDate "2013.08.26"]
[SourceVersion "1"]
[SourceVersionDate "2013.08.26"]
[SourceQuality "1"]

1. d4 d5 2. c4 c6 3. Nf3 Nf6 4. Qc2 g6 5. Bf4 Bf5 6. Qb3 Qb6 7. e3 Qxb3 8. axb3 Nbd7 9. Nc3 a6 10. h3 h6 11. Nd2 Rc8 12. g4 g5 13. Bxg5 hxg5 14. gxf5 g4 15. Bg2 Nb6 16. hxg4 Rxh1+ 17. Bxh1 Nxg4 18. cxd5 cxd5 19. Nxd5 Nxd5 20. Bxd5 e6 21. fxe6 Rc2 22. exf7+ Kd8 23. Kd1 Rxb2 24. Kc1 1-0

[Event "Sao Bento do Sul op"]
[Site "Sao Bento do Sul"]
[Date "2013.06.30"]
[Round "6"]
[White "Chemin, Justo Reinaldo"]
[Black "Bastos, Guilherme Exterhott"]
[Result "1-0"]
[WhiteElo "2147"]
[BlackElo "1937"]
[PlyCount "71"]
[EventDate "2013.06.28"]
[EventType "swiss"]
[EventRounds "6"]
[EventCountry "BRA"]
[SourceTitle "EXT 2014"]
[Source "ChessBase"]
[SourceDate "2013.11.20"]
[SourceVersion "1"]
[SourceVersionDate "2013.11.20"]
[SourceQuality "1"]

1. d4 d5 2. Nf3 Bf5 3. Bf4 e6 4. e3 c5 5. Bd3 Bxd3 6. Qxd3 c4 7. Qe2 Bd6 8. 0-0 Nf6 9. b3 Bxf4 10. exf4 cxb3 11. axb3 0-0 12. Ne5 Nc6 13. Nxc6 bxc6 14. Nc3 Qd6 15. Qe3 Rfc8 16. Na4 Nd7 17. Nc5 a5 18. Ra4 Nb6 19. Ra2 Ra7 20. Rfa1 Re7 21. Rxa5 g5 22. f5 h6 23. f6 Ree8 24. Qe5 Qxe5 25. dxe5 Ra8 26. g4 Rxa5 27. Rxa5 Ra8 28. Rxa8+ Nxa8 29. Kg2 Nc7 30. Kf3 h5 31. h3 h4 32. Ke3 Nb5 33. Nd3 Na3 34. Ne1 Kh7 35. Kd4 Nb1 36. Kc5 1-0